تهذيب تاريخ دمشق الكبير / (رقم التسجيلة. 3827)
[ عرض عادي ]
| 000 -الفاتح | |
|---|---|
| حقل البيانات ثابتة الطول | 01028cam a2200265a 44500 |
| 003 - محدد رقم الضبط | |
| رقم الضبط | OSt |
| 005 - وقت وتاريخ اخر تعامل مع التسجيلة | |
| رقم الضبط | 20150408113750.0 |
| 008 - عناصر البيانات ثابتة الطول - معلومات عامة | |
| حقل البيانات ثابتة الطول | 980312s1979 le g 00010dara d |
| 040 ## - مصدر الفهرسة | |
| وكالة الفهرسة الأصلية | mu |
| لغة الفهرسة | ara |
| وكالة النسخ | mb |
| 041 ## - رمز اللغة | |
| رمز لغة النص/ المسارات الصوتية أو العنوان الانفرادي | عربي |
| 043 ## - رمز المنطقة الجغرافية | |
| رمز المنطقة الجغرافية | a-sy--- |
| 072 ## - رمز الفئه الموضوعية | |
| رمز فئه الموضوع | 112 |
| مجموعة رمز فئه الموضوع | سورية |
| 082 04 - رقم تصنيف ديوى العشرى | |
| رقم التصنيف | 956.531 |
| 092 ## - رقم استدعاء ديوى المحلى | |
| رقم التصنيف | 956.531 |
| رقم المادة | ع ث ت |
| 100 1# - المدخل الرئيسى - إسم شخصى | |
| الإسم الشخصى | ابن عساكر، علي بن الحسن بن هبة الله، |
| التواريخ المصاحبة للاسم | 499-571 هـ. |
| 9 (RLIN) | 246 |
| 245 10 - بيان العنوان | |
| العنوان | تهذيب تاريخ دمشق الكبير / |
| بيان المسئوليه,etc | علي بن الحسن بن هبة الله بن عساكر ؛ هذبه ورتبه عبد القادر بدران. |
| 250 ## - بيان الطبعة | |
| بيان الطبعة | ط. 2. |
| 260 ## - PUBLICATION, DISTRIBUTION, ETC. (IMPRINT) | |
| مكان الناشر او الموزع | بيروت |
| اسم الناشر او الموزع | دار المسيرة، |
| تاريخ النشر أو التوزيع | 1399 = 1979 |
| 300 ## - الوصف المادى | |
| التعداد | 7 مج. ؛ |
| أبعاد الوعاء | 24 سم. |
| 650 ## - المدخل الاضافى بالموضوع-مصطلح موضوعى | |
| مصطلح موضوعي أو اسم جغرافي كعنصر مدخل | التراجم |
| مصدر الرأس أو المصطلح | aucsh. 7 |
| 651 ## - المدخل الاضافى بالموضوع - اسم جغرافى | |
| الاسم الجغرافي | دمشق (سوريا) |
| التقسيم الفرعي الشكلي | تراجم |
| مصدر الرأس أو المصطلح | aucsh.0 |
| 700 ## - المدخل الاضافى - اسم شخصى | |
| الإسم الشخصى | عبد القادر بدران، عبد القادر بن أحمد بن مصطفى، |
| التواريخ المصاحبة للاسم | ت. 1346 هـ. |
| الدور | مرتب.0 |
| 9 (RLIN) | 5323 |
| 740 ## - المدخل الاضافى - عنوان مرتبط/تحليلى غير مقيد | |
| العنوان التحليلي/ الرابط غير مقيد | تاريخ دمشق الكبير. |
| 942 ## - عناصر المدخل الإضافي( كوها) | |
| مصدر التصنيف او مخطط الترفيف | Dewey Decimal Classification |
| Koha [default] item type | مراجع |
| حالة الفقد | نموذج السعر الفعال | حالة تلف | ليس للاعارة | رقم الطلب | تاريخ الاكتساب | الموقع الحالي | الباركود | الفرع الرئيسي | Date last seen | نوع المادة فى نظام كوها | مصدر التصنيف او خطة الترفيف | Total Checkouts |
|---|---|---|---|---|---|---|---|---|---|---|---|---|
| 2013-03-10 | 956.531 ج1 ع ع ت | 2011-10-22 | مكتبة كلية التربية بالزلفى - طالبات (EZF) | 00003217 | مكتبة كلية التربية بالزلفى - طالبات (EZF) | 2013-03-10 | مراجع | Dewey Decimal Classification | ||||
| 2013-03-10 | 956.531 ج1 ع ع ت | 2011-10-22 | مكتبة كلية التربية بالزلفى - طالبات (EZF) | 00003221 | مكتبة كلية التربية بالزلفى - طالبات (EZF) | 2013-03-10 | مراجع | Dewey Decimal Classification | ||||
| 2013-03-10 | 956.531 ج2 ع ع ت | 2011-10-22 | مكتبة كلية التربية بالزلفى - طالبات (EZF) | 00003220 | مكتبة كلية التربية بالزلفى - طالبات (EZF) | 2013-03-10 | مراجع | Dewey Decimal Classification | ||||
| 2013-03-10 | 956.531 ج3 ع ع ت | 2011-10-22 | مكتبة كلية التربية بالزلفى - طالبات (EZF) | 00003219 | مكتبة كلية التربية بالزلفى - طالبات (EZF) | 2013-03-10 | مراجع | Dewey Decimal Classification |
